[Event "4NCL Online Division 3"]
[Site "online"]
[Date "2021.08.24"]
[EventDate "2021.08.24"]
[Round "1.114"]
[White "Walker, David J R"]
[WhiteElo "1282"]
[WhiteTeam "Harrow 3"]
[Black "Sumner, Stuart"]
[BlackElo "1501"]
[BlackTeam "Urmston and Stretford"]
[Result "1/2-1/2"]
[PlyCount "90"]

1. d4 Nf6 2. c4 e6 3. Nc3 Bb4 4. Bg5 d6 5. Nf3 h6 6. Bh4 Nbd7 7. e3 O-O 8. Bd3 Qe8 9. O-O Bxc3 10. bxc3 c5 11. Re1 b6 12. Bc2 Ba6 13. Ba4 Qc8 14. Qd3 Bb7 15. Qe2 Ne4 16. Qd3 Ndf6 17. Bc2 Qc6 18. d5 exd5 19. Rad1 dxc4 20. Qxc4 b5 21. Qb3 Nd2 22. Rxd2 Ne4 23. Bxe4 Qxe4 24. Rxd6 Qg4 25. Qxb5 Bxf3 26. Bg3 Rab8 27. Qxc5 Rb2 28. gxf3 Qxf3 29. Rf1 Rxa2 30. Qc4 Qe2 31. Qxe2 Rxe2 32. Rfd1 Rc2 33. R1d3 Ra8 34. Be5 a5 35. Rd2 Rc1+ 36. Kg2 a4 37. Ra2 a3 38. Rb6 Ra5 39. Bc7 Rg5+ 40. Kh3 Rxc3 41. Bd6 Rh5+ 42. Kg2 Rg5+ 43. Kh3 Rh5+ 44. Kg2 Rg5+ 45. Kh3 Rh5+ 1/2-1/2

[Event "4NCL Online Division 3"]
[Site "online"]
[Date "2021.08.24"]
[EventDate "2021.08.24"]
[Round "1.121"]
[White "Tennyson, John"]
[WhiteElo "1977"]
[WhiteTeam "Hackney Thirsty"]
[Black "McLean, Ian"]
[BlackElo "1992"]
[BlackTeam "Spirit of Atticus B"]
[Result "0-1"]
[PlyCount "72"]

1. c4 f5 2. Nc3 Nf6 3. g3 d6 4. Bg2 e6 5. e3 Be7 6. Nge2 O-O 7. O-O a5 8. b3 e5 9. Bb2 c6 10. d4 Qe8 11. Na4 Nbd7 12. dxe5 dxe5 13. Qc2 Nh5 14. f4 Bd6 15. Rad1 Bc7 16. c5 Nhf6 17. Rfe1 Qh5 18. h3 Nd5 19. Qc4 Kh8 20. Nec3 N5f6 21. Rd2 Re8 22. Rde2 e4 23. Rd2 Nf8 24. Ne2 Be6 25. Qc3 Qg6 26. Kf2 Nd5 27. Qc2 Nb4 28. Qc3 Nd3+ 29. Rxd3 exd3 30. Qxd3 Rad8 31. Qc3 Bd5 32. Nd4 Ne6 33. Qc2 Bxg2 34. Kxg2 Nxd4 35. Bxd4 Rxd4 36. Qc3 Rde4 0-1

[Event "4NCL Online Division 3"]
[Site "online"]
[Date "2021.08.24"]
[EventDate "2021.08.24"]
[Round "1.122"]
[White "Bimpson, Tom"]
[WhiteElo "1959"]
[WhiteTeam "Spirit of Atticus B"]
[Black "Wright, Robert"]
[BlackElo "1969"]
[BlackTeam "Hackney Thirsty"]
[Result "1-0"]
[PlyCount "83"]

1. d4 c5 2. d5 Nf6 3. Bg5 g6 4. Nc3 Bg7 5. e4 Qb6 6. e5 Qxb2 7. Bd2 Nxd5 8. Nxd5 Qxe5+ 9. Ne3 Qxa1 10. Qxa1 Bxa1 11. Nd5 Be5 12. Nf3 Bd6 13. Bh6 e6 14. Nf6+ Ke7 15. Ne4 Nc6 16. Bg5+ Kf8 17. Bf6 Be7 18. Bxh8 d5 19. Nf6 b5 20. Ng5 Bxf6 21. Bxf6 h6 22. Nf3 Nb4 23. Kd2 Nxa2 24. Bxb5 a6 25. Be2 d4 26. Ne5 Nc3 27. f3 Nd5 28. Bh4 Nf4 29. Rg1 g5 30. Bg3 Nxe2 31. Kxe2 a5 32. Ra1 Kg7 33. Kd2 f5 34. Nd3 c4 35. Be5+ Kg6 36. Nc5 f4 37. Bxd4 Kf5 38. Ne4 e5 39. Bc3 a4 40. Nd6+ Ke6 41. Nxc8 Rxc8 42. Rxa4 1-0

[Event "4NCL Online Division 3"]
[Site "online"]
[Date "2021.08.24"]
[EventDate "2021.08.24"]
[Round "1.123"]
[White "Ciesielski, Marceli"]
[WhiteElo "1777"]
[WhiteTeam "Hackney Thirsty"]
[Black "Buckley, Colm"]
[BlackElo "1910"]
[BlackTeam "Spirit of Atticus B"]
[Result "1-0"]
[PlyCount "41"]

1. d4 d5 2. Bf4 Nf6 3. e3 e6 4. Nd2 c5 5. c3 Nc6 6. Ngf3 Bd6 7. Bg3 Bxg3 8. hxg3 cxd4 9. exd4 Qd6 10. Bb5 Bd7 11. Qe2 a6 12. Bd3 b5 13. a3 O-O 14. Ne5 g6 15. g4 Be8 16. Qe3 Kh8 17. Qf4 Qe7 18. Qh6 Rg8 19. g5 Nh5 20. Rxh5 gxh5 21. Qxh7# 1-0

[Event "4NCL Online Division 3"]
[Site "online"]
[Date "2021.08.24"]
[EventDate "2021.08.24"]
[Round "1.124"]
[White "White, Colin"]
[WhiteElo "1614"]
[WhiteTeam "Spirit of Atticus B"]
[Black "Scott, David"]
[BlackElo "1818"]
[BlackTeam "Hackney Thirsty"]
[Result "0-1"]
[PlyCount "72"]

1. d4 d5 2. Bf4 e6 3. Nf3 c5 4. c3 Nc6 5. Nbd2 Qb6 6. Qc2 cxd4 7. cxd4 Nxd4 8. Qa4+ Nc6 9. Ne5 Qd4 10. Qb5 a6 11. Nxc6 Qxf4 12. Qb6 Qd6 13. Nc4 Qxc6 14. Qxc6+ bxc6 15. Ne5 c5 16. e3 Bd6 17. Nf3 Bd7 18. a4 Nf6 19. Bd3 c4 20. Bc2 Rb8 21. O-O-O Rb4 22. e4 Bf4+ 23. Kb1 Nxe4 24. Bxe4 dxe4 25. Nd4 Bxa4 26. Rde1 e3 27. fxe3 Be5 28. Re2 O-O 29. Nf3 Bf6 30. e4 Rfb8 31. e5 Be7 32. Rc1 Bc6 33. Nd4 Bd5 34. Rc3 Bc5 35. Nf3 Bxf3 36. Rxf3 Bd4 0-1

[Event "4NCL Online Division 3"]
[Site "online"]
[Date "2021.08.24"]
[EventDate "2021.08.24"]
[Round "1.131"]
[White "Brozel, Sacha"]
[WhiteElo "2311"]
[WhiteTeam "Barnet Knights A"]
[Black "Dasgupta, Avyukt"]
[BlackElo "1723"]
[BlackTeam "Watford Juniors A"]
[Result "1-0"]
[PlyCount "151"]

1. g3 g6 2. Bg2 Bg7 3. c4 c5 4. Nc3 Nc6 5. Nf3 d6 6. a3 Bd7 7. Rb1 a5 8. O-O Nf6 9. d4 e5 10. dxe5 dxe5 11. Bg5 Be6 12. Qa4 Bd7 13. Qc2 O-O 14. Rbd1 Bf5 15. e4 Bd7 16. Rd6 h6 17. Bxf6 Bxf6 18. Qd2 Nd4 19. Nd5 Be7 20. Rb6 Bc6 21. Nxd4 Bxd5 22. exd5 Qxb6 23. Nb5 Kg7 24. Qc3 Bf6 25. Qe3 Ra6 26. h4 Re8 27. Be4 h5 28. d6 Rd8 29. Rd1 Rd7 30. Qf3 Qd8 31. Bxb7 e4 32. Bxe4 Be5 33. Bc6 Rxd6 34. Nxd6 Bxd6 35. Qd5 Bc7 36. Qxd8 Bxd8 37. Rxd8 Rxc6 38. Ra8 Rb6 39. Rxa5 Rxb2 40. Rxc5 Rb3 41. a4 Rb4 42. a5 Ra4 43. f3 Kh6 44. Kf2 Ra3 45. g4 hxg4 46. fxg4 Kg7 47. h5 f6 48. Rb5 Rc3 49. c5 Rc4 50. Kf3 f5 51. gxf5 gxf5 52. c6 Rxc6 53. Rxf5 Kh6 54. Ke4 Ra6 55. Kd4 Rc6 56. Kd5 Ra6 57. Kc4 Re6 58. Kb5 Re1 59. Rc5 Rb1+ 60. Kc6 Ra1 61. Kb6 Rb1+ 62. Rb5 Rf1 63. a6 Rf6+ 64. Ka5 Rf1 65. a7 Ra1+ 66. Kb6 Ra2 67. Kb7 Rg2 68. a8=Q Rg8 69. Rb6+ Kh7 70. Rh6+ Kxh6 71. Qxg8 Kxh5 72. Kc6 Kh4 73. Kd5 Kh5 74. Ke5 Kh4 75. Kf4 Kh5 76. Qh7# 1-0

[Event "4NCL Online Division 3"]
[Site "online"]
[Date "2021.08.24"]
[EventDate "2021.08.24"]
[Round "1.132"]
[White "Keerthi Kumar, Advait"]
[WhiteElo "1415"]
[WhiteTeam "Watford Juniors A"]
[Black "Ethelontis, Alexandros N"]
[BlackElo "2127"]
[BlackTeam "Barnet Knights A"]
[Result "0-1"]
[PlyCount "100"]

1. e4 d6 2. d4 Nf6 3. Nc3 g6 4. Bc4 Bg7 5. Bf4 O-O 6. Nge2 a6 7. Qd2 b5 8. Bd3 Bb7 9. a3 Nbd7 10. Bh6 c5 11. b3 Qc7 12. Bxg7 Kxg7 13. dxc5 Nxc5 14. Ng3 Rac8 15. Rc1 Rfd8 16. O-O Ne6 17. Nce2 Qc5 18. b4 Qb6 19. c3 h5 20. Nf4 Nf8 21. Qc2 e5 22. Nd5 Bxd5 23. exd5 Nxd5 24. Qd2 Nf4 25. Rfe1 N8e6 26. Bb1 Qb7 27. f3 Qe7 28. Ne2 Qg5 29. Nxf4 Nxf4 30. Kh1 h4 31. Ba2 d5 32. Rc2 Rc7 33. Bb3 Re7 34. c4 d4 35. cxb5 axb5 36. Rc5 Qf6 37. Rxb5 h3 38. g3 Ng2 39. Rf1 Ne3 40. Rf2 Rc8 41. Rc5 Rec7 42. Rxc7 Rxc7 43. f4 e4 44. Re2 Rc3 45. Bd1 Rxa3 46. Kg1 Rd3 47. Qxd3 exd3 48. Rd2 Qc6 49. Kf2 Qg2+ 50. Ke1 Qf1# 0-1

[Event "4NCL Online Division 3"]
[Site "online"]
[Date "2021.08.24"]
[EventDate "2021.08.24"]
[Round "1.133"]
[White "Kesterson, Kennan"]
[WhiteElo "2056"]
[WhiteTeam "Barnet Knights A"]
[Black "Demjan, Denisz"]
[BlackElo "1383"]
[BlackTeam "Watford Juniors A"]
[Result "1-0"]
[PlyCount "45"]

1. e4 e5 2. Nf3 Nc6 3. Bc4 h6 4. d4 exd4 5. Nxd4 Nge7 6. Nc3 g6 7. Qf3 Rh7 8. Be3 Ne5 9. Qe2 N7c6 10. Bb3 d6 11. O-O-O Nxd4 12. Bxd4 Bg7 13. h3 Qe7 14. Nd5 Qd8 15. f4 Nc6 16. Bxg7 Rxg7 17. e5 Be6 18. exd6 cxd6 19. f5 gxf5 20. Nf4 Ne5 21. Bxe6 fxe6 22. Nxe6 Rxg2 23. Qxg2 1-0

[Event "4NCL Online Division 3"]
[Site "online"]
[Date "2021.08.24"]
[EventDate "2021.08.24"]
[Round "1.141"]
[White "Stoker, Andrew J"]
[WhiteElo "2023"]
[WhiteTeam "Manchester Manticores"]
[Black "Povah, Nigel E"]
[BlackTitle "IM"]
[BlackElo "2284"]
[BlackTeam "Guildford Castles 1"]
[Result "0-1"]
[PlyCount "24"]

1. e4 c5 2. Nf3 Nc6 3. d4 cxd4 4. Nxd4 e6 5. Nc3 Qc7 6. Be3 a6 7. Qd2 Nf6 8. Be2 Bb4 9. f3 d5 10. exd5 Nxd5 11. O-O Nxe3 12. Qxe3 Nxd4 0-1

[Event "4NCL Online Division 3"]
[Site "online"]
[Date "2021.08.24"]
[EventDate "2021.08.24"]
[Round "1.142"]
[White "Punnett, Alan K"]
[WhiteElo "2084"]
[WhiteTeam "Guildford Castles 1"]
[Black "Reed, John"]
[BlackElo "1878"]
[BlackTeam "Manchester Manticores"]
[Result "0-1"]
[PlyCount "70"]

1. e4 e5 2. Nf3 Nc6 3. d4 exd4 4. Nxd4 Nf6 5. Nxc6 bxc6 6. e5 Qe7 7. Qe2 Nd5 8. c4 Ba6 9. b3 Qh4 10. a3 Bc5 11. g3 Bxf2+ 12. Qxf2 Qe4+ 13. Be2 Qxh1+ 14. Kd2 Qe4 15. Bb2 Ne7 16. Bd3 Qg4 17. Kc2 O-O 18. Nd2 d5 19. Rf1 Rad8 20. h3 Qe6 21. Qc5 dxc4 22. bxc4 Rd7 23. Ne4 Rxd3 24. Kxd3 Rd8+ 25. Ke3 Bxc4 26. Re1 Rd3+ 27. Kf2 Qxh3 28. Kg1 Qe6 29. Kh2 Bd5 30. Qxa7 h6 31. Qb8+ Kh7 32. a4 Bxe4 33. Rxe4 Rd2+ 34. Kg1 Qh3 35. Bd4 Qg2# 0-1

[Event "4NCL Online Division 3"]
[Site "online"]
[Date "2021.08.24"]
[EventDate "2021.08.24"]
[Round "1.143"]
[White "Sheppard, Daniel C"]
[WhiteElo "1872"]
[WhiteTeam "Manchester Manticores"]
[Black "Young, Craig A"]
[BlackElo "2081"]
[BlackTeam "Guildford Castles 1"]
[Result "1-0"]
[PlyCount "35"]

1. d4 d5 2. c4 e6 3. Nf3 Nf6 4. Nc3 Be7 5. Bf4 a6 6. e3 O-O 7. Rc1 Nbd7 8. c5 Nh5 9. Bd3 Nxf4 10. exf4 a5 11. a3 b6 12. b4 axb4 13. axb4 bxc5 14. bxc5 Ba6 15. O-O Nf6 16. Ra1 Bxd3 17. Qxd3 Nd7 18. Ra6 1-0

[Event "4NCL Online Division 3"]
[Site "online"]
[Date "2021.08.24"]
[EventDate "2021.08.24"]
[Round "1.144"]
[White "Toon, James MG"]
[WhiteElo "2008"]
[WhiteTeam "Guildford Castles 1"]
[Black "Potter, Steven"]
[BlackElo "1833"]
[BlackTeam "Manchester Manticores"]
[Result "1-0"]
[PlyCount "105"]

1. e4 e6 2. d4 b6 3. Nc3 Bb4 4. Bd3 Bb7 5. Ne2 d5 6. e5 Nd7 7. O-O Qh4 8. g3 Qh5 9. Nb5 Kd8 10. c3 Be7 11. Qc2 Qf3 12. a4 h5 13. Nf4 g5 14. Be2 Qe4 15. Qxe4 dxe4 16. Nxh5 a6 17. Na3 Rh7 18. g4 Nf8 19. f4 gxf4 20. Bxf4 Ng6 21. Bg3 Kd7 22. Nc4 Rf8 23. Rae1 Nh4 24. Nd2 Bg5 25. Bf4 Be7 26. Bd1 Nh6 27. Nxe4 Bxe4 28. Rxe4 Rg8 29. Bg3 Ng6 30. Nf6+ Bxf6 31. Rxf6 Rgh8 32. Re1 Ng8 33. Rf2 N8e7 34. Ref1 Rf8 35. Bc2 Rg7 36. Bd3 a5 37. Be4 Nh8 38. h3 Neg6 39. Kh2 Rfg8 40. c4 Rc8 41. d5 Rd8 42. Rf6 Kc8 43. dxe6 Rd2+ 44. Kg1 fxe6 45. Rxe6 Rxb2 46. Bc6 Rg8 47. Ref6 Kb8 48. e6 Ka7 49. Bxc7 Nh4 50. e7 Rc8 51. Rf8 N8g6 52. Rxc8 Rg2+ 53. Bxg2 1-0

[Event "4NCL Online Division 3"]
[Site "online"]
[Date "2021.08.24"]
[EventDate "2021.08.24"]
[Round "1.151"]
[White "Lambton, David"]
[WhiteElo "1891"]
[WhiteTeam "Crewe AOL"]
[Black "Du Toit, Reenen J"]
[BlackElo "1863"]
[BlackTeam "Wessex Some Stars D"]
[Result "0-1"]
[PlyCount "128"]

1. c4 c5 2. g3 g6 3. Bg2 Nc6 4. Nc3 Bg7 5. Nf3 d6 6. O-O e5 7. e3 Nge7 8. b3 O-O 9. Bb2 f5 10. d3 h6 11. Ne2 Kh7 12. d4 e4 13. Nd2 Nb4 14. Nf4 cxd4 15. Bxd4 Bxd4 16. exd4 Nbc6 17. d5 Ne5 18. Qc2 g5 19. Ne2 Qe8 20. Rad1 Bd7 21. Nd4 N7g6 22. Rfe1 Qf7 23. f3 exf3 24. N2xf3 Rae8 25. Rf1 Ng4 26. Ne6 Bxe6 27. dxe6 Rxe6 28. Nd4 Ne3 29. Qd3 Re5 30. Nf3 Ree8 31. Qxd6 Rd8 32. Qxd8 Rxd8 33. Rxd8 Nxf1 34. Kxf1 Qe7 35. Rd5 f4 36. Bh3 Nf8 37. Bf5+ Kg7 38. Ne5 fxg3 39. hxg3 h5 40. Ng6 Qf6 41. Nxf8 Kxf8 42. Ke2 g4 43. Be4 Qb2+ 44. Ke3 Qxa2 45. Rf5+ Ke7 46. Bd5 Qxb3+ 47. Kf4 Qd1 48. Rxh5 Qd4+ 49. Kg5 b5 50. Rh7+ Kd6 51. Rh6+ Kc5 52. Rc6+ Kb4 53. Be6 bxc4 54. Rxc4+ Qxc4 55. Bxc4 Kxc4 56. Kxg4 a5 57. Kh5 a4 58. g4 a3 59. g5 a2 60. g6 a1=Q 61. Kh6 Qh8+ 62. Kg5 Qg7 63. Kh5 Kd5 64. Kg5 Ke6 0-1

[Event "4NCL Online Division 3"]
[Site "online"]
[Date "2021.08.24"]
[EventDate "2021.08.24"]
[Round "1.152"]
[White "Clancy, Martin J"]
[WhiteElo "1847"]
[WhiteTeam "Wessex Some Stars D"]
[Black "Lockett, Karl"]
[BlackElo "1817"]
[BlackTeam "Crewe AOL"]
[Result "1-0"]
[PlyCount "89"]

1. e4 b6 2. d4 Bb7 3. Bd3 e6 4. Nf3 c5 5. c3 Nf6 6. Nbd2 Nc6 7. O-O cxd4 8. cxd4 Nb4 9. Bb1 Ba6 10. Re1 Rc8 11. a3 Nd3 12. Bxd3 Bxd3 13. Re3 Ba6 14. h3 Be7 15. b4 O-O 16. Bb2 Qc7 17. Rc1 Qb8 18. Rec3 Rxc3 19. Rxc3 Rc8 20. Qb3 Rxc3 21. Qxc3 Qc8 22. Qxc8+ Bxc8 23. Ne1 Bb7 24. f3 d5 25. e5 Nh5 26. Nd3 Ba6 27. Nf2 Bg5 28. Nf1 Nf4 29. g3 Nd3 30. Nxd3 Bxd3 31. Kf2 h5 32. f4 Be7 33. Nd2 g5 34. fxg5 Bxg5 35. Nf3 Be7 36. Bc3 Kg7 37. g4 hxg4 38. hxg4 a5 39. bxa5 bxa5 40. Bxa5 Bxa3 41. Bd8 Bb2 42. Bf6+ Kh7 43. Ke3 Bc2 44. Kd2 Be4 45. Ng5+ 1-0

[Event "4NCL Online Division 3"]
[Site "online"]
[Date "2021.08.24"]
[EventDate "2021.08.24"]
[Round "1.153"]
[White "Hulme, David I"]
[WhiteElo "1752"]
[WhiteTeam "Crewe AOL"]
[Black "Chilton, James I"]
[BlackElo "1816"]
[BlackTeam "Wessex Some Stars D"]
[Result "0-1"]
[PlyCount "70"]

1. e4 c5 2. Nf3 e6 3. d4 cxd4 4. Nxd4 a6 5. a4 Nc6 6. Be3 Nf6 7. f3 Qc7 8. Be2 Bd6 9. Nc3 Bxh2 10. Bf2 O-O 11. Qd2 Nxd4 12. Bxd4 Bg3+ 13. Kf1 Bf4 14. Qe1 Bg3 15. Qd2 Be5 16. Bxe5 Qxe5 17. f4 Qa5 18. e5 Nd5 19. Qd3 f5 20. Qh3 h6 21. Nxd5 Qxd5 22. Qg3 Kh7 23. Rd1 Qc5 24. Bh5 Qe7 25. Bg6+ Kh8 26. Rh5 Kg8 27. Rd3 b5 28. a5 Bb7 29. Qh2 Rfc8 30. c3 b4 31. Rg3 bxc3 32. bxc3 Rc4 33. Rgh3 Qa3 34. Qg3 Qc1+ 35. Qe1 Bxg2+ 0-1

[Event "4NCL Online Division 3"]
[Site "online"]
[Date "2021.08.24"]
[EventDate "2021.08.24"]
[Round "1.154"]
[White "Ursell, Richard W"]
[WhiteElo "1787"]
[WhiteTeam "Wessex Some Stars D"]
[Black "Layhe, Simon"]
[BlackElo "1690"]
[BlackTeam "Crewe AOL"]
[Result "1-0"]
[PlyCount "69"]

1. b4 d5 2. Bb2 Nf6 3. e3 Bf5 4. c4 Nbd7 5. h3 e5 6. a3 a5 7. c5 Be7 8. Nf3 e4 9. Nd4 Be6 10. Be2 axb4 11. axb4 Rxa1 12. Bxa1 c6 13. O-O O-O 14. f4 exf3 15. Nxf3 Qc7 16. d3 Ra8 17. Nbd2 Nh5 18. Rf2 Ng3 19. Nf1 Nf6 20. Nxg3 Qxg3 21. Be5 Qg6 22. Kh2 Nh5 23. Nd4 Nf6 24. Nxe6 fxe6 25. Bxf6 Bxf6 26. d4 Bh4 27. Rf3 Ra2 28. Qf1 Bf6 29. Bd3 Qg5 30. Rg3 Qh6 31. b5 e5 32. Qf5 e4 33. Qc8+ Kf7 34. Qxb7+ Kf8 35. bxc6 1-0

[Event "4NCL Online Division 3"]
[Site "online"]
[Date "2021.08.24"]
[EventDate "2021.08.24"]
[Round "1.161"]
[White "Dobbie, Graham"]
[WhiteElo "1823"]
[WhiteTeam "East Kilbride Strollers"]
[Black "Clarke, Paul R H"]
[BlackElo "1699"]
[BlackTeam "Bradford DCA Knights B"]
[Result "1/2-1/2"]
[PlyCount "135"]

1. c4 c6 2. Nc3 d5 3. cxd5 cxd5 4. d4 Nc6 5. e4 dxe4 6. d5 Ne5 7. Qa4+ Bd7 8. Qxe4 Ng6 9. Bc4 Nf6 10. Qe2 a6 11. a3 Qc7 12. Nf3 Nf4 13. Bxf4 Qxf4 14. Rd1 g6 15. d6 e6 16. O-O Bg7 17. Ne5 O-O 18. Nxd7 Nxd7 19. g3 Qf5 20. Bd3 Qa5 21. Ne4 Rfd8 22. Bb1 Qb6 23. b4 Rac8 24. Rd2 Bf8 25. Rfd1 Rc6 26. Kg2 Rdc8 27. Bc2 Qb5 28. Bd3 Qe5 29. b5 Rb6 30. a4 a5 31. Rc2 Rd8 32. f4 Qg7 33. Bc4 h5 34. h3 Nf6 35. d7 Nxe4 36. Qxe4 Bc5 37. Ba2 Qf8 38. Rdc1 Be7 39. Rc8 Kh7 40. R1c7 Rd6 41. Qe3 Rd1 42. h4 Bd6 43. Qe2 Rd4 44. b6 Bb4 45. Kh3 Qe7 46. Rxd8 Qxd8 47. Qe5 Rxd7 48. Bb1 Qe7 49. Qxh5+ Kg7 50. Qe5+ Kh7 51. h5 f5 52. Rxd7 Qxd7 53. Qc7 Qg7 54. hxg6+ Kxg6 55. Qxg7+ Kxg7 56. g4 Bc5 57. gxf5 exf5 58. Bxf5 Bxb6 59. Bc8 Be3 60. Kg4 b6 61. Kf5 Kf7 62. Ke5 Ke7 63. f5 Kf8 64. f6 Bc5 65. Be6 Bg1 66. Kd6 Bc5+ 67. Kc6 Bg1 68. Kd7 1/2-1/2

[Event "4NCL Online Division 3"]
[Site "online"]
[Date "2021.08.24"]
[EventDate "2021.08.24"]
[Round "1.162"]
[White "Holliday, John K"]
[WhiteElo "1674"]
[WhiteTeam "Bradford DCA Knights B"]
[Black "Madhavan, Sanjith"]
[BlackElo "1699"]
[BlackTeam "East Kilbride Strollers"]
[Result "1/2-1/2"]
[PlyCount "93"]

1. e4 c5 2. Nf3 e6 3. d4 cxd4 4. Nxd4 Nc6 5. Nc3 Nf6 6. Nxc6 bxc6 7. e5 Nd5 8. Nxd5 cxd5 9. Bd3 d6 10. Bf4 Qb6 11. O-O Be7 12. b3 Ba6 13. Qe2 Bxd3 14. Qxd3 O-O 15. exd6 Bxd6 16. Be3 Qc7 17. g3 Rfc8 18. Rfc1 Ba3 19. Rd1 Qxc2 20. Rab1 Qxd3 21. Rxd3 Bb4 22. Kg2 Rc2 23. a4 a5 24. Rc1 Rxc1 25. Bxc1 Rc8 26. Be3 Kf8 27. Bd2 Bxd2 28. Rxd2 Rc3 29. Rb2 Ke7 30. b4 axb4 31. Rxb4 Ra3 32. h4 Kf6 33. Rf4+ Kg6 34. h5+ Kxh5 35. Rxf7 Kg6 36. Ra7 d4 37. a5 e5 38. a6 Kf5 39. Rxg7 Rxa6 40. Rxh7 Ke4 41. Rd7 Ra5 42. Rd6 d3 43. Kf1 Ra1+ 44. Kg2 Rd1 45. Rd7 Kf5 46. f3 Ke6 47. Rd8 1/2-1/2

[Event "4NCL Online Division 3"]
[Site "online"]
[Date "2021.08.24"]
[EventDate "2021.08.24"]
[Round "1.163"]
[White "Stewart, Alastair G"]
[WhiteElo "1576"]
[WhiteTeam "East Kilbride Strollers"]
[Black "Tait, Bill"]
[BlackElo "1649"]
[BlackTeam "Bradford DCA Knights B"]
[Result "1-0"]
[PlyCount "43"]

1. d4 d5 2. Nf3 Nf6 3. e3 c6 4. Bd3 h6 5. O-O e6 6. Nbd2 Be7 7. Qe2 Nbd7 8. e4 dxe4 9. Nxe4 Nxe4 10. Qxe4 Nf6 11. Qe2 O-O 12. Ne5 Qxd4 13. c3 Qd8 14. Rd1 Qc7 15. Bf4 Rd8 16. Bc2 Bd7 17. Ng6 Bd6 18. Bxd6 Qb6 19. Ne7+ Kh8 20. Be5 Nd5 21. Qh5 Rf8 22. Qxh6# 1-0

[Event "4NCL Online Division 3"]
[Site "online"]
[Date "2021.08.24"]
[EventDate "2021.08.24"]
[Round "1.164"]
[White "Waite, Nicholas"]
[WhiteElo "1371"]
[WhiteTeam "Bradford DCA Knights B"]
[Black "Shrestha, Unnabh"]
[BlackElo "1439"]
[BlackTeam "East Kilbride Strollers"]
[Result "1-0"]
[PlyCount "73"]

1. Nf3 Nc6 2. g3 e5 3. d4 e4 4. Ng5 d5 5. c4 h6 6. Nh3 Nf6 7. Bg2 Bb4+ 8. Nc3 dxc4 9. a3 Ba5 10. O-O Bxc3 11. bxc3 O-O 12. a4 Bf5 13. Ba3 Re8 14. Nf4 g5 15. d5 Na5 16. Nh3 Qd7 17. Qd4 Nb3 18. Qxf6 Nxa1 19. Rxa1 Bxh3 20. Qxh6 Bxg2 21. Qxg5+ Kh7 22. Kxg2 f5 23. Bc1 Qd6 24. Qxf5+ Qg6 25. Qd7+ Qg7 26. Qh3+ Kg8 27. g4 Rad8 28. Rb1 Rxd5 29. Rxb7 Ra5 30. Bf4 Re7 31. Rb8+ Kf7 32. Bh6 Qh7 33. Rf8+ Ke6 34. g5+ Kd6 35. Rf6+ Kc5 36. Qe3+ Kd5 37. Qd4# 1-0

[Event "4NCL Online Division 3"]
[Site "online"]
[Date "2021.09.07"]
[EventDate "2021.09.07"]
[Round "2.11"]
[White "Eccleston, Bryony"]
[WhiteElo "1526"]
[WhiteTeam "Manchester Juniors B"]
[Black "Vaidyanathan, Adithya"]
[BlackElo "1446"]
[BlackTeam "Warwickshire Bears B"]
[Result "1-0"]
[PlyCount "139"]

1. e4 c5 2. d4 cxd4 3. c3 Nf6 4. Bc4 e5 5. Nf3 dxc3 6. Nxc3 d6 7. O-O Be7 8. Qb3 O-O 9. Rd1 Qb6 10. Be3 Qxb3 11. axb3 Nc6 12. Nd5 Re8 13. Nxf6+ Bxf6 14. Rxd6 Be7 15. Rdd1 Bg4 16. Bb5 a6 17. Bc4 Nd4 18. Bxf7+ Kxf7 19. Nxe5+ Kg8 20. Nxg4 Nxb3 21. Ra2 Bc5 22. Rd7 Rxe4 23. Rxb7 Nc1 24. Ra1 Nd3 25. Rd1 Rd8 26. Bxc5 Rxg4 27. Rb3 Rc4 28. Be3 Ra4 29. h3 Ra2 30. Rbxd3 Rxd3 31. Rxd3 Rxb2 32. Rd8+ Kf7 33. Ra8 Rb1+ 34. Kh2 Ra1 35. Ra7+ Kg8 36. Bd4 Ra4 37. Rxg7+ Kf8 38. Rg4 h5 39. Rf4+ Ke7 40. Bc5+ Ke6 41. Rxa4 Kd5 42. Ra5 Kc6 43. Be3 Kb7 44. Rxh5 Kc6 45. Rh6+ Kb5 46. f4 a5 47. Bc1 Kc5 48. f5 Kd5 49. f6 Ke6 50. g4 a4 51. g5 Kf7 52. Rh7+ Kg6 53. f7 a3 54. f8=Q Kxh7 55. Qh6+ Kg8 56. Qe6+ Kg7 57. Qd6 a2 58. Qc7+ Kg6 59. Qa5 a1=Q 60. Qxa1 Kh5 61. Qh8+ Kg6 62. Qf6+ Kh7 63. Qh6+ Kg8 64. Qe6+ Kf8 65. Qd7 Kg8 66. Bb2 Kf8 67. Bg7+ Kg8 68. Bf6 Kf8 69. Qe7+ Kg8 70. Qg7# 1-0

[Event "4NCL Online Division 3"]
[Site "online"]
[Date "2021.09.07"]
[EventDate "2021.09.07"]
[Round "2.12"]
[White "Nasibova, Margarita"]
[WhiteElo "1336"]
[WhiteTeam "Warwickshire Bears B"]
[Black "Correa, Rebecca"]
[BlackElo "1502"]
[BlackTeam "Manchester Juniors B"]
[Result "0-1"]
[PlyCount "82"]

1. c4 Nf6 2. Nc3 g6 3. g3 Bg7 4. Bg2 d6 5. e4 e5 6. h3 O-O 7. d3 Nbd7 8. Nge2 Nc5 9. O-O Bd7 10. f4 Re8 11. f5 Bc6 12. g4 a5 13. Ng3 h6 14. Be3 Qd7 15. Qd2 Kh7 16. Rf2 Na4 17. Nd5 Bxd5 18. cxd5 Qb5 19. b3 Nc5 20. Rd1 a4 21. g5 Ng8 22. f6 Bf8 23. h4 h5 24. d4 exd4 25. Bxd4 axb3 26. axb3 Nxb3 27. Qf4 Nxd4 28. Rxd4 Ra3 29. Nxh5 gxh5 30. Qf5+ Kh8 31. g6 fxg6 32. Qxg6 Ra1+ 33. Kh2 Rea8 34. f7 Nh6 35. Qf6+ Bg7 36. Qe7 Be5+ 37. Kh3 R8a3+ 38. Rf3 Rxf3+ 39. Bxf3 Qf1+ 40. Bg2 Ra3+ 41. Rd3 Rxd3# 0-1

[Event "4NCL Online Division 3"]
[Site "online"]
[Date "2021.09.07"]
[EventDate "2021.09.07"]
[Round "2.13"]
[White "Ye, Tim"]
[WhiteElo "1369"]
[WhiteTeam "Manchester Juniors B"]
[Black "Johal, Amrissa Kaur"]
[BlackElo "1384"]
[BlackTeam "Warwickshire Bears B"]
[Result "1-0"]
[PlyCount "85"]

1. e4 e5 2. Nf3 Nc6 3. Bc4 h6 4. d3 Nf6 5. c3 d6 6. Be3 Qe7 7. Nbd2 Be6 8. Bxe6 Qxe6 9. Nf1 O-O-O 10. Ng3 d5 11. Qc2 dxe4 12. dxe4 Qc4 13. b3 Qe6 14. O-O Bd6 15. Rfd1 Nh7 16. h3 f6 17. Nf5 Rhg8 18. c4 Ng5 19. Nxg5 hxg5 20. a3 g6 21. Ng3 Qe7 22. b4 Qe6 23. c5 Be7 24. b5 Nd4 25. Bxd4 exd4 26. a4 Qe5 27. Rac1 Qe6 28. a5 c6 29. Rb1 cxb5 30. Rxb5 Qc6 31. Rdb1 Rd7 32. Qa2 Rg7 33. Qb3 a6 34. Rb6 Qc7 35. Rc1 d3 36. c6 d2 37. cxd7+ Kxd7 38. Rxc7+ Kxc7 39. Rxb7+ Kc8 40. Rb8+ Kc7 41. Qb6+ Kd7 42. Qd4+ Ke6 43. Qd5# 1-0

[Event "4NCL Online Division 3"]
[Site "online"]
[Date "2021.09.07"]
[EventDate "2021.09.07"]
[Round "2.14"]
[White "Vaidyanathan, Sathya"]
[WhiteElo "1328"]
[WhiteTeam "Warwickshire Bears B"]
[Black "Correa, Edward"]
[BlackElo "1279"]
[BlackTeam "Manchester Juniors B"]
[Result "0-1"]
[PlyCount "124"]

1. e4 c5 2. Nf3 e6 3. Bc4 Qc7 4. a3 d6 5. d3 a6 6. Nc3 Nc6 7. Bd2 Nf6 8. h3 Be7 9. Qe2 b6 10. O-O Bb7 11. Rfe1 e5 12. Nd5 Nxd5 13. Bxd5 Nd4 14. Nxd4 cxd4 15. Bxb7 Qxb7 16. Qf3 Bf6 17. Qg4 Qd7 18. Qxd7+ Kxd7 19. f4 Rac8 20. Rac1 Rc7 21. fxe5 dxe5 22. Re2 h6 23. Be1 Rhc8 24. Bg3 Ke6 25. Kf2 Bg5 26. Rb1 Rxc2 27. Kf3 Rxe2 28. Kxe2 Rc2+ 29. Kf3 Rd2 30. Rc1 Rxb2 31. Rc6+ Kd7 32. Rc4 Rb3 33. Bxe5 Rxd3+ 34. Ke2 Re3+ 35. Kf1 Rxe4 36. Bxg7 b5 37. Rxd4+ Rxd4 38. Bxd4 Bc1 39. Bc5 Ke6 40. Ke2 Kf5 41. Kf3 a5 42. Bf8 Bd2 43. Bc5 b4 44. axb4 Bxb4 45. Bd4 a4 46. Ba1 a3 47. Bg7 Be7 48. g4+ Kg6 49. Bc3 Bf6 50. Bb4 a2 51. h4 a1=Q 52. h5+ Kg7 53. g5 Bxg5 54. Kg3 Qe5+ 55. Kh3 Qf5+ 56. Kh2 Qg4 57. Bc3+ Kg8 58. Kh1 Be3 59. Kh2 f5 60. Be1 f4 61. Bc3 Qg3+ 62. Kh1 Qg1# 0-1